1984 / (Record no. 108000)

MARC details
000 -LEADER
campo de control de longitud fija 00795nam a2200229 i 4500
001 - NÚMERO DE CONTROL
campo de control 108000
003 - IDENTIFICADOR DE NÚMERO DE CONTROL
campo de control ES-MaACL
005 - FECHA Y HORA DE LA ÚLTIMA TRANSACCIÓN
campo de control 20250829080513.0
007 - CAMPO FIJO DE DESCRIPCIÓN FÍSICA--INFORMACIÓN GENERAL
campo de control de longitud fija t|
008 - DATOS DE LONGITUD FIJA--INFORMACIÓN GENERAL
campo de control de longitud fija 070108s1970 sp ||||1| spa d
080 ## - NÚMERO DE LA CLASIFICACIÓN DECIMAL UNIVERSAL
Número de la Clasificación Decimal Universal 82-311.9"19"
100 1# - ENTRADA PRINCIPAL--NOMBRE DE PERSONA
Nombre de persona Orwell, George.
9 (RLIN) 87703
245 10 - MENCIÓN DEL TÍTULO
Título 1984 /
Mención de responsabilidad, etc. George Orwell; prólogo de Pedro Laín Entralgo; traducción de Rafael Vázquez Zamora.
260 ## - PUBLICACIÓN, DISTRIBUCIÓN, ETC.
Lugar de publicación, distribución, etc. Estella (Navarra) :
Nombre del editor, distribuidor, etc. Salvat,
Fecha de publicación, distribución, etc. 1970.
300 ## - DESCRIPCIÓN FÍSICA
Extensión 224 p. ;
Dimensiones 19 cm.
490 1# - MENCIÓN DE SERIE
Mención de serie Biblioteca básica Salvat de Libros RTV ;
Designación de volumen o secuencia 78
700 1# - ENTRADA AGREGADA--NOMBRE PERSONAL
Nombre de persona Laín Entralgo, Pedro,
Fechas asociadas al nombre 1908-2001
9 (RLIN) 69681
700 1# - ENTRADA AGREGADA--NOMBRE PERSONAL
Nombre de persona Vázquez Zamora, Rafael,
Fechas asociadas al nombre 1911-1972
9 (RLIN) 113498
830 00 - PUNTO DE ACCESO ADICIONAL DE SERIE-TÍTULO UNIFORME
Título uniforme Biblioteca básica Salvat de libros RTV
Designación de volumen o secuencia 78
9 (RLIN) 185398
852 ## - LOCALIZACIÓN
Ubicación ES-MaACL
Número de control de estantería E-2999
Sublocalización o colección R.69765
Holdings
Estatus retirado Estado de pérdida Estado de daño No para préstamo Biblioteca de origen Biblioteca actual Ubicación en estantería Fecha de adquisición Fuente de adquisición Total de préstamos Signatura topográfica completa Código de barras Visto por última vez Precio de reemplazo Tipo de ítem Koha
        Biblioteca del Ateneo de Madrid Biblioteca del Ateneo de Madrid Depósito 2 17/01/2008     E-2999 1112705 23/02/2023 23/02/2023 Libro impreso